| 000 -ლიდერი |
| ფიქსირებული სიგრძის საკონტროლო ველი |
01535nam a2200277Ia 4500 |
| 001 - საკონტროლო ნომერი |
| საკონტროლო ველი |
22296 |
| 003 - საკონტროლო ნომრის იდენტიფიკატორი |
| საკონტროლო ველი |
GE_BSU |
| 005 - ბოლო ოპერაციის თარიღი და დრო |
| საკონტროლო ველი |
20230223153346.0 |
| 008 - ფიქსირებული სიგრძის მონაცემთა ელემენტები - ზოგადი ინფორმაცია |
| ფიქსირებული სიგრძის საკონტროლო ველი |
181216s||||||||xx |||||||||||||| ||und|| |
| 020 ## - წიგნის საერთაშორისო სტანდარტული ნომერი |
| International Standard Book Number |
9789941134456 |
| 040 ## - კატალოგიზაციის წყარო |
| Transcribing agency |
GE_BSU |
| 041 ## - ენის კოდი |
| Language code of text/sound track or separate title |
geo |
| 080 ## - უნივერსალური ათობითი კლასიფიკაციის ინდექსი |
| Universal Decimal Classification number |
821.222.1.09 ბ-97 |
| 100 ## - მთავარი ჩანაწერი - პიროვნების სახელი |
| Personal name |
ბურჯანაძე, მზია |
| 9 (RLIN) |
17014 |
| 245 ## - ცნობა სათაურის შესახებ |
| Title |
ახალი და უახლესი სპარსული ლიტერატურის ისტორია / |
| Remainder of title |
სახელმძღვანელო / |
| Statement of responsibility, etc |
მზია ბურჯანაძე ; რედაქტორი თეა შურღაია. |
| 264 ## - წარმოების, გამოცემის, დისტრიბუციის და სხვა ცნობები |
| გამოცემის, წარმოების, დისტრიბუციის... ადგილი |
თბილისი : |
| გამოცემის, წარმოების, დისტრიბუციის... სახელწოდება |
თბილ. უნ-ტის გამ-ბა, |
| გამოცემის, წარმოების, დისტრიბუციის... თარიღი |
2016. |
| 300 ## - ფიზიკური აღწერა |
| Extent |
460 გვ. : |
| Other physical details |
ფოტ. ; |
| Dimensions |
20 სმ. |
| 500 ## - ზოგადი შენიშვნა |
| General note |
პირთა საძიებელი გვ. : 454-459 |
| 504 ## - BIBLIOGRAPHY, ETC. NOTE |
| Bibliography, etc |
ბიბლიოგრ. გვ. : 421-435 |
| 653 ## - INDEX TERM--UNCONTROLLED |
| Uncontrolled term |
ახალი და უახლესი სპარსული ლიტერატურის ისტორია |
| 653 ## - INDEX TERM--UNCONTROLLED |
| Uncontrolled term |
სპარსული ლიტერატურის ისტორია და კრიტიკა |
| 700 ## - ADDED ENTRY--PERSONAL NAME |
| Personal name |
შურღაია, თეა |
| Relator term |
რედაქტორი |
| 9 (RLIN) |
4075 |
| 710 ## - ADDED ENTRY--CORPORATE NAME |
| Corporate name or jurisdiction name as entry element |
ივანე ჯავახიშვილის სახელობის თბილისის სახელმწიფო უნივერსიტეტი |
| 9 (RLIN) |
17015 |
| 942 ## - ADDED ENTRY ELEMENTS (KOHA) |
| Koha item type |
წიგნი |
| Source of classification or shelving scheme |
|